Plzeňský Prazdroj v historických fotografiích

Titel: Plzeňský Prazdroj v historických fotografiích = Pilsner Urquel in historical photographs / Lucie Steinbachová
Verfasser:
Körperschaft:
Veröffentlicht: Plzeň : Starý most, 2005
Umfang: 120 S. : Ill.
Format: Buch
Sprache: Tschechisch
Schlagworte:
ISBN: 8023961306
Buchumschlag
X
alg: 39550079
001A    $01999:12-11-16 
001B    $03004:04-10-18 $t17:47:41.000 
001D    $01999:12-11-16 
001U    $0utf8 
001X    $00 
002@    $0Aax 
003@    $0395500796 
003O    $070120171 $aOCoLC 
004A    $080-239-6130-6 
007A    $0395500796 $aHEB 
007T    $0Herdpp095730 
010@    $acze 
011@    $a2005 $n2005 
021A    $aPlzeňský Prazdroj v historických fotografiích $fPilsner Urquel in historical photographs $hLucie Steinbachová 
028A    $7 $8Steinbachová, Lucie [Tnu] $9437203638 
029F    $aps-2005-0017574 
033A    $pPlzeň $nStarý most 
034D    $a120 S. 
034M    $aIll. 
044K    $#Pilsen $#Plzeň $#Pilzeň $74076145-9 $8Pilsen [Tg1] $9085215899 
044K    $RAlkoholisches Getränk $RBrauerei $#Beer $#Cooking (Beer) $#Bière $#Cuisine (bière) $#Birra $#Cerveza $#beers $#Bier $#Gerstensaft $74006537-6 $8Bier [Ts1] $908500961X 
044K    $RBier $RBierherstellung $#Beer industry $#Breweries $#Brasserie $#Brasseries $#Birrifici $#breweries $#Brauerei $#Bierbrauerei Brauerei $#Braustätte $#Brauhaus $74008024-9 $8Brauerei [Ts1] $9085013617 
045R    $aGeschichte 

lok: 39550079 24

exp: 39550079 24 1 #EPN
201B/01 $004-10-18 $t17:47:31.000 
201C/01 $011-12-17 
201U/01 $0utf8 
203@/01 $01012829553 
208@/01 $a04-10-18 $bz 
209A/01 $a18.01832 $du $f050 $h18 01832 $x00 
209C/01 $a18.01832 K $h18 01832 K 
209G/01 $a73938023 $x00 
220C/01 $akon 
247C/01 $8358050-7 Marburg, Bibliothek des Herder-Instituts Marburg $9102600961 

lok: 39550079 78

exp: 39550079 78 1 #EPN
201B/01 $026-11-17 $t04:47:48.000 
201U/01 $0utf8 
203@/01 $0792104978 
208@/01 $a12-11-16 $be 
209A/01 $a/ $f000 $x00 
220C/01 $aHerkunft: Hú Av Čr Praha 
244Z/01 $#Tschechien $#Tschechische Republik $#Tschechische Republik $#Tschechenland $#Tschechei Tschechien $#Česká Republika $#Czech Republic $#ČR $74303381-7 $8--Tg1--Tschechien $x01 $9086659812 
244Z/01 $2Trx $#Böhmen $#Bohemia $#Czechy $8--Trx--Čechy $x02 $9391188941 
244Z/01 $#Pilsen $#Plzeň $#Pilzeň $74076145-9 $8--Tg1--Pilsen $x03 $9085215899 
244Z/01 $2Trx $#õllepruulimine $#aludarystė $#brewing $#sörgyár $#browarnictwo $#pivovarníctvo $#pivovarnictví $#Alkohol $#Bier $#alkohol $#piwo $#alkohol $#pivo $#alkohol $#pivo $8--Trx--Brauereiwesen $x04 $939137253X 
244Z/01 $2Trx $#õllepruulimine $#aludarystė $#brewing $#sörgyár $#browarnictwo $#pivovarníctvo $#pivovarnictví $#Alkohol $#Bier $#alkohol $#piwo $#alkohol $#pivo $#alkohol $#pivo $8--Trx--Brauereiwesen $x05 $939137253X 
244Z/01 $2Trx $#fotod $#nuotraukos $#Photographs $#fényképek $#fotografie $#fotografie $#fotografie $8--Trx--Photographien $x06 $939138287X 
244Z/01 $2Trx $#majandus üldine $#ūkis bendras $#general economics $#gazdaság általános $#gospodarka ogólnie $#hospodárstvo všeobecne $#hospodářství všeobecně $8--Trx--Wirtschaft$gallgemein $x07 $9391362542 
247C/01 $82080>Marburg/Lahn, Herder-Institut, Forschungsbibliothek, Bibliographieportal $9336309341
LEADER 00000cam a22000002c 4500
001 395500796
003 DE-603
005 20181004174741.0
007 tu
008 161112s2005 xx |||| | u00||u|cze c
020 |a 8023961306 
035 |a (DE-599)HEB395500796 
035 |a (OCoLC)70120171 
040 |a DE-603  |b ger  |c DE-603  |d DE-603 
041 |a cze 
100 1 |a Steinbachová, Lucie  |0 (DE-603)437203638 
245 0 0 |a Plzeňský Prazdroj v historických fotografiích  |b = Pilsner Urquel in historical photographs  |c Lucie Steinbachová 
264 1 |a Plzeň  |b Starý most  |c 2005 
300 |a 120 S.  |b Ill. 
648 7 |a Geschichte  |2 gnd 
650 7 |a Bier  |0 (DE-588)4006537-6  |0 (DE-603)08500961X  |2 gnd 
650 7 |a Brauerei  |0 (DE-588)4008024-9  |0 (DE-603)085013617  |2 gnd 
651 7 |a Pilsen  |0 (DE-588)4076145-9  |0 (DE-603)085215899  |2 gnd 
710 2 |a ps-2005-0017574 
924 0 |9 Mb 50  |a (DE-603)1012829553  |b DE-Mb50  |c HES  |d c  |g 18.01832 
924 0 |9 2080  |a (DE-603)792104978  |b DE-2080  |c HES  |d d  |g /